000 02259cam a22004934a 4500
001 51152
005 20230410132731.0
008 060601s2006 cau b s001 0 eng
010 _a 2006017924
035 _a(OCoLC)ocm69792077
040 _aDLC
_cDLC
_dBAKER
_dUKM
_dC#P
_dIG#
_dCOO
_dIXA
_dBTCTA
_dYDXCP
_dPUL
_dVP@
_dUPP
_dLF8
015 _aGBA685753
_2bnb
016 7 _a013572800
_2Uk
020 _a9780520247024 (cloth : alk. paper)
020 _a0520247027 (cloth : alk. paper)
029 1 _aIG#
_b0520247027
029 1 _aYDXCP
_b2436235
029 1 _aNZ1
_b10843800
035 _a(OCoLC)69792077
042 _apcc
043 _an-us---
050 1 4 _aQ127 U6
_bS58 2006
082 0 0 _a509.73/090511
_222
049 _aGRAL
100 1 _aShulman, Seth.
245 1 0 _aUndermining science :
_bsuppression and distortion in the Bush Administration /
_cSeth Shulman.
260 _aBerkeley :
_bUniversity of California Press,
_cc2006.
300 _axix, 202 p. ;
_c24 cm.
504 _aIncludes bibliographical references (p. 159-190) and index.
505 0 _aFacts matter -- "Icing" the data on climate change -- Doctoring evidence about your health -- Abstaining from the truth on abstinence and AIDS -- Clear skies? healthy forests? understanding Bush's real environmental policy -- When good science is the endangered species -- Burying more than intelligence -- Stacking the deck -- Stem cells and monkey trials -- Restoring scientific integrity.
650 0 _aScience and state
_zUnited States.
650 0 _aResearch
_xPolitical aspects
_zUnited States.
651 0 _aUnited States
_xPolitics and government
_y2001-
650 0 _aPressure groups.
856 4 1 _3Table of contents only
_uhttp://www.loc.gov/catdir/toc/ecip0614/2006017924.html
856 4 2 _3Publisher description
_uhttp://www.loc.gov/catdir/enhancements/fy0662/2006017924-d.html
856 4 2 _3Contributor biographical information
_uhttp://www.loc.gov/catdir/enhancements/fy0735/2006017924-b.html
938 _aBaker & Taylor
_bBKTY
_c24.95
_d18.71
_i0520247027
_n0006814078
_sactive
938 _aYBP Library Services
_bYANK
_n2436235
938 _aIngram
_bINGR
_n0520247027
938 _aBaker and Taylor
_bBTCP
_nBK0007478762
942 _2lcc
_cbk
994 _aC0
_bDRFGD
999 _c86746
_d86746